[Event "Commonwealth-ch"]
[Site "Nagpur"]
[Date "2008.10.06"]
[Round "11"]
[White "Singh, DP."]
[Black "Barua, Dibyendu"]
[Result "1/2-1/2"]
[WhiteElo "2299"]
[BlackElo "2497"]
[PlyCount "85"]
[EventDate "2008.09.28"]
[EventType "swiss"]
[EventRounds "11"]
[EventCountry "IND"]
[SourceTitle "CBM 126 Extra"]
[Source "ChessBase"]
[SourceDate "2008.11.05"]
[SourceVersion "1"]
[SourceVersionDate "2008.11.05"]
[SourceQuality "1"]

1. d4 d5 2. Nf3 c6 3. c4 e6 4. Qc2 f5 5. g3 Nf6 6. Bg2 Bd6 7. 0-0 0-0 8. b3 Qe7 9. a4 a5 10. Ba3 Na6 11. Qb2 b6 12. Ne5 Bb7 13. Bxd6 Qxd6 14. Na3 Rac8 15. Rac1 Rfd8 16. Rfd1 Qe7 17. e3 c5 18. Nb5 Nb4 19. Qe2 Ba6 20. h4 Ne4 21. Kh2 Bb7 22. Na7 Ra8 23. Nb5 Rf8 24. f3 Nf6 25. Bh3 g6 26. Rg1 Rad8 27. cxd5 exd5 28. Rc3 Ba6 29. Bg2 Rc8 30. Rgc1 cxd4 31. exd4 Rxc3 32. Rxc3 Rc8 33. Rxc8+ Bxc8 34. Qd2 Ba6 35. Qc3 f4 36. Qc7 fxg3+ 37. Kxg3 Nh5+ 38. Kf2 Qxh4+ 39. Kg1 Qf6 40. Qb8+ Qf8 41. Qxb6 Qf4 42. Qd8+ Kg7 43. Qe7+ 1/2-1/2